000 00611nam a2200205 a 4500
005 20200104041509.0
008 140220b1995 -Us||||| |||| 00| 0 eng d
040 _aCO-BoIAVH
_cCO-BoIAVH
041 _aeng
044 _axxu
090 _aLB
_b00273
100 _aGillies, Elizabeth
_97213
245 _aEconomic basis for conservation of biological resources
_bsharing of benefits
260 _aWashington
_bWWF International
_c1995?
300 _a55 p.
650 _aRecursos financieros
_942619
650 _aEconomía ambiental
_942620
650 _aConservación de biodiversidad
_9345
942 _cINFORME
_2z
999 _c293
_d293